Asean Environment Legal Integration (Record no. 26764)

MARC details
000 -LEADER
fixed length control field 01808 a2200205 4500
020 ## - INTERNATIONAL STANDARD BOOK NUMBER
ISBN 9781316604311
082 ## - DEWEY DECIMAL CLASSIFICATION NUMBER
Classification number 344.259046
Item number KHE-A
100 ## - MAIN ENTRY--AUTHOR NAME
Personal name Kheng-Lian, Koh
100 ## - MAIN ENTRY--AUTHOR NAME
Personal name Robinson, Nicholas A.
100 ## - MAIN ENTRY--AUTHOR NAME
Personal name Lye, Lin Heng
245 ## - TITLE STATEMENT
Title Asean Environment Legal Integration
Sub Title : Sustainable Goals?
260 ## - PUBLICATION, DISTRIBUTION, ETC. (IMPRINT)
Name of publisher Cambridge University Press
Year of publication 2017
300 ## - PHYSICAL DESCRIPTION
Number of Pages 270. pp.
520 ## - SUMMARY, ETC.
Summary, etc While the environmental performance of most ASEAN member states is above the world average, ASEAN nations will continue to face growing environmental challenges due to pressures exerted on them such as population growth, urbanization and industrialization. The authors of this book look at how the member states of ASEAN employ law as a means of regional integration within the context of environmental conservation. While the goal of new laws is to implement sustainable development, it continues to be an ongoing adaptive process, since clear and immediate answers to environmental challenges are rarely available. Readers of this book will gain a clear idea of the evolving cooperation for sustainability within ASEAN at regional and global levels, and the areas of focus for the future. The book will be of interest to policy and decision makers, as well as environmental organizations and academics in the field. Gives a clear overview of current ASEAN environmental law and how it may develop in the future Situates ASEAN environmental law in a wider political and economic context at both a regional and global level Presents a clear analysis of the complexities associated with creating and managing environmental law in today's constantly changing world
650 ## - SUBJECT ADDED ENTRY--TOPICAL TERM
Topical Term ASEAN
650 ## - SUBJECT ADDED ENTRY--TOPICAL TERM
Topical Term International and municipal law
650 ## - SUBJECT ADDED ENTRY--TOPICAL TERM
Topical Term Environmental law
650 ## - SUBJECT ADDED ENTRY--TOPICAL TERM
Topical Term Southeast Asia
942 ## - ADDED ENTRY ELEMENTS (KOHA)
Source of classification or shelving scheme Dewey Decimal Classification
Koha item type Books
Holdings
Withdrawn status Lost status Damaged status Not for loan Home library Current library Date acquired Source of acquisition Cost, normal purchase price Bill Date Full call number Accession Number Cost, replacement price Price effective from Koha item type
        NASSDOC Library NASSDOC Library 12/04/2021 Overseas Press India Private Limited 2347.44 2021-03-08 344.259046 KHE-A 51482 3306.26 12/04/2021 Books